000 01329naa a2200433Ia 4500
001 5860
008 191123s9999 xx 000 0 und d
020 _a9509997129
041 _aspa
044 _aag
260 _aBuenos Aires :
_bAsociación Psicoanalítica Argentina,
_c1994.
300 _a224 p.
300 _app. 67-101
500 _a4ª Reunión: 17 de noviembre de 1993, mesa redonda. Introducción Susana Lustig de Ferrer, panelistas Guillermo O. Carlevaro, Nelly Perazzo, Roberto Doria Medina Eguía, Carlos A. Méndez Mosquera, Ricardo O. Moscone
504 _aBibliografía pp. 100-101
650 _aARQUITECTURA
650 _aARTE
650 _aAUSTRIA
650 _aCRITICA DE ARTE
650 _aESCUELA DE VIENA
650 _aFREUD, SIGMUND,
650 _aMALHER, GUSTAV
650 _aMENDEZ MOSQUERA, CARLOS A.
650 _aMUSICA
650 _aPERAZZO, NELLY
650 _aPSICOANALISIS
650 _aSCHOENBERG, ARNOLD
650 _aVIENA
710 _aJornadas de la Comisión de Cultura (1: 1993: Buenos Aires)
902 _aM
903 _aa
904 _aam
907 _aImpreso
912 _a1994
942 _cANALITICA
999 _c4185
_d4185
490 0 _aPsicoanálisis en la cultura.
245 0 _aEl psicoanálisis, las artes y las ciencias en la Viena de Freud